Library Banner

The American revolution (Record no. 82625)

MARC details
000 -LEADER
fixed length control field 00345nam a22001337a 4500
005 - DATE AND TIME OF LATEST TRANSACTION
control field 20160204114213.0
008 - FIXED-LENGTH DATA ELEMENTS--GENERAL INFORMATION
fixed length control field 160204b xxu||||| |||| 00| 0 eng d
040 ## - CATALOGING SOURCE
Transcribing agency PK-LaUMT
082 ## - DEWEY DECIMAL CLASSIFICATION NUMBER
Classification number AMC 973.3
Item number AME-
245 ## - TITLE STATEMENT
Title The American revolution
Statement of responsibility, etc Hugh F. Rankin(Edit
260 ## - PUBLICATION, DISTRIBUTION, ETC. (IMPRINT)
Place of publication, distribution, etc London
Name of publisher, distributor, etc Secker & warburg
Date of publication, distribution, etc 1964
300 ## - PHYSICAL DESCRIPTION
Extent 382 p.
942 ## - ADDED ENTRY ELEMENTS (KOHA)
Koha item type Books
Holdings
Withdrawn status Lost status Damaged status Home library Current library Date acquired Full call number Barcode Date last seen Price effective from Koha item type
      UMT Main Campus UMT Main Campus 2016-02-04 AMC 973.3 AME- 85393 2016-02-04 2016-02-04 Books